Fer país és invertir més de 1000 milions d'euros en serveis per a les persones
Descripción Física:
1 quadríptic ; il. col. ; 21 x 10 cm.
Idioma:
Catalán
MARC
| LEADER | 00000nam a22000007a 4500 | ||
|---|---|---|---|
| 001 | 26912 | ||
| 003 | agdb | ||
| 005 | 20260324181144.0 | ||
| 008 | 221116b spa||||| |||| 00| 0 cat d | ||
| 017 | |a B 22478-2014 | ||
| 040 | |a agdb | ||
| 245 | |a Fer país és invertir més de 1000 milions d'euros en serveis per a les persones | ||
| 260 | |a Barcelona : |b Diputació de Barcelona ; |c 2014 | ||
| 300 | |a 1 quadríptic ; |b il. col. ; |c 21 x 10 cm. | ||
| 650 | 0 | |9 41518 |a Inversions públiques |x Barcelona (Província) | |
| 710 | 1 | |a Barcelona (Catalunya : Província). |b Diputació |9 52408 | |
| 942 | |2 udc |c ARXIU |n 1 | ||
| 952 | |0 0 |1 0 |2 udc |4 0 |6 FU7318 |7 1 |9 64200 |a Arxiu |b Arxiu |d 2022-11-16 |l 0 |o FU-73-18 |p 26912 |r 2022-11-16 00:00:00 |w 2022-11-16 |y ARXIU | ||
| 952 | |0 0 |1 0 |2 udc |4 0 |7 1 |9 64201 |a Arxiu |b Arxiu |d 2022-11-16 |o FU-73-19 |p 26913 |r 2022-11-16 00:00:00 |w 2022-11-16 |y ARXIU | ||
| 952 | |0 0 |1 0 |2 udc |4 0 |6 PDL |7 1 |9 64202 |a Arxiu |b Arxiu |d 2022-11-16 |l 0 |o PDL |p 26914 |r 2022-11-16 00:00:00 |w 2022-11-16 |y ARXIU | ||
| 999 | |c 82751 |d 82751 | ||